Pierwiastki chemiczne z krótkimi nazwami - Statystyki

Ogólne statystyki
  • Ten quiz został rozwiązany 3 932 razy
    1 961 od ostatniego zresetowania
  • Średni wynik to 17 z 41
Statystyki odpowiedzi
# Pierwiastek % Poprawnych
3 Hel
86%
3 Tal
85%
4 Tlen
73%
3 Rad
72%
3 Bor
69%
3 Lit
69%
4 Azot
65%
3 Jod
65%
3 Sód
58%
3 Bar
57%
4 Cynk
56%
4 Brom
54%
4 Cyna
54%
4 Neon
52%
4 Uran
49%
3 Gal
47%
4 Glin
46%
3 Itr
46%
4 Wapń
44%
3 Cez
42%
4 Rtęć
40%
4 Ołów
39%
4 Kadm
34%
3 Osm
33%
4 Iryd
30%
3 Rod
29%
3 Tor
29%
3 Ind
27%
3 Cer
25%
3 Ren
25%
3 Erb
22%
4 Niob
22%
4 Bohr
21%
4 Kiur
21%
4 Hafn
20%
3 Tul
19%
4 Dubn
18%
3 Has
17%
4 Holm
17%
4 Terb
17%
4 Ferm
15%
Nie znaleziono quizów pasujących do podanych kryteriów
Rozkład punktacji
Procent ludzi z każdym wynikiem
Percentyl według liczby udzielonych odpowiedzi
Twoja historia wyników
Nie rozwiązałeś tego quizu od ostatniego zresetowania